DTZ Occupiers perspective (Record no. 84117)

MARC details
000 -LEADER
fixed length control field 01047cad a22002415a 4500
001 - CONTROL NUMBER
control field L156682
008 - FIXED-LENGTH DATA ELEMENTS--GENERAL INFORMATION
fixed length control field 120622s2012 xxk 000 0 eng d
035 ## - SYSTEM CONTROL NUMBER
System control number (Sirsi) u156682
041 0# - LANGUAGE CODE
Language code of text/sound track or separate title eng
110 2# - MAIN ENTRY--CORPORATE NAME
Corporate name or jurisdiction name as entry element DTZ
245 00 - TITLE STATEMENT
Title DTZ Occupiers perspective
Remainder of title the European insurance sector 2012
260 ## - PUBLICATION, DISTRIBUTION, ETC.
Place of publication, distribution, etc. London
Name of publisher, distributor, etc. DTZ
Date of publication, distribution, etc. 2012
490 #0 - SERIES STATEMENT
Series statement DTZ Occupiers Perspective
Volume/sequential designation June 2012
520 ## - SUMMARY, ETC.
Summary, etc. Provides an overview of the European insurance sector, looking at premium income and major players, considers the impacts of Solvency II on insurance companies and looks at the implications on demand for office space from insurers.
520 ## - SUMMARY, ETC.
Summary, etc. Sector overview -- M & A under Solvency II -- impact on property -- UK -- France -- Germany.
590 ## - LOCAL NOTE (RLIN)
Local note KA NTK
651 #4 - SUBJECT ADDED ENTRY--GEOGRAPHIC NAME
Geographic name United Kingdom
651 #4 - SUBJECT ADDED ENTRY--GEOGRAPHIC NAME
Geographic name France
651 #4 - SUBJECT ADDED ENTRY--GEOGRAPHIC NAME
Geographic name Germany
690 ## - LOCAL SUBJECT ADDED ENTRY--TOPICAL TERM (OCLC, RLIN)
Topical term or geographic name as entry element Commercial property
9 (RLIN) 6227
856 40 - ELECTRONIC LOCATION AND ACCESS
Uniform Resource Identifier <a href="https://www.dtz.com/Global/Research/DTZ+Occupier+Perspective+European+Insurance+Sector+2012">https://www.dtz.com/Global/Research/DTZ+Occupier+Perspective+European+Insurance+Sector+2012</a>
Public note View the report after free registration at www.dtz.com
942 ## - ADDED ENTRY ELEMENTS (KOHA)
Suppress in OPAC 0
Holdings
Withdrawn status Lost status Source of classification or shelving scheme Damaged status Not for loan Home library Current library Shelving location Date acquired Total Checkouts Full call number Barcode Date last seen Copy number Price effective from Koha item type
    Dewey Decimal Classification     Virtual Virtual Online 22/06/2012   ONLINE PUBLICATION 156682-2001 06/08/2019 1 06/08/2019 Book